Statistics for Animal Crossing Species: Hippo

Click here to take the quiz!

General Stats

  • This quiz has been taken 3 times
  • The average score is 6 of 9

Answer Stats

Answer% Correct
Biff
100%
Harry
100%
Bertha
67%
Bitty
67%
Bubbles
67%
Hippeux
67%
Clara
33%
Lulu
33%
Rollo
33%

Score Distribution

Percentile by Number Answered

Percent of People with Each Score

Your Score History

You have not taken this quiz